000 01728 a2200241 4500
003 MN-UlNLM
005 20220629161536.0
008 a130t1997 mp ||||| |||| 00| 0 mon d
040 _aМонгол Улсын Үндэсний номын сан
084 _a91.9
_2NNA
_bБ 17
_q9
100 1 _aБазар Ш.,
_aОюунбилэг Д.
110 _aМонгол улсын төв номын сан
245 1 _aМонгол улсын төв номын санд байгаа докторын зэрэг хамгаалсан зохиолуудын номзүйн бүртгэл
_b1956-1996
_cЭмхт. Ш.Базар, Д.Оюунбилэг
250 _a1
260 0 _c1997
_aУБ
300 _a33х
546 _aMongolia
653 _aЛавлах хэвлэл
_aНом зүй
_aДокторын зэрэг хамгаалсан бүтээлийн ном зүй
740 _aФизик математикийн шинжлэх ухаан.
_aХимийн шинжлэх ухаан.
_aГеологийн шинжлэх ухаан.
_aГазар зүйн шинжлэх ухаан.
_aБиологийн шинжлэх ухаан.
_aТехникийн шинжлэх ухаан.
_aМал эмнэлгийн шинжлэх ухаан.
_aАнагаах ухаан.
_aТүүхийн шинжлэх ухаан.
_aФилософийн шинжлэх ухаан.
_aЭдийн засгийн шинжлэх ухаан.
_aХууль цаазны шинжлэх ухаан.
_aСуран хүмүүжүүлэх ухаан.
_aХэл бичгийн шинжлэх ухаан.
_aДокторын зэрэг хамгаалсан эрдэмтдийн нэрсийн хэлхээс.
856 _aprintbook
942 _cBK
999 _c67978
_d67978